000 00764nam a22002890a 4500
001 PT40226
003 AR-LpoUNG
005 20250218093018.0
008 191001s2011||||ag |||||||||||||||||spa d
020 _a9789870404347
_c$6
040 _aAR-LpoUNG
_bspa
_cAR-LpoUNG
_eaacr
041 0 _aspa
044 _aag
082 0 _a808.068 3 489pas
100 1 _aDevetach, Laura
245 1 3 _aEl paseo de los viejitos
250 _a2da. ed., 4ta. reimpr.
260 _aBuenos Aires :
_bAlfaguara,
_c2011.
300 _a29 p. :
_bil.
505 0 _aSugerido a partir de 6 años (etiqueta AMARILLA)
650 4 _aCUENTOS
650 4 _aLITERATURA
653 0 _aLITERATURA INFANTIL
700 1 _aRoldán, Gustavo
_eil.
905 _a40226
942 _cLIB
_2ddc
999 _c5761
_d5761